书目信息 |
| 题名: |
UML用户指南
|
|
| 作者: | Rumbaugh , Jacobson 著 | |
| 分册: | ||
| 出版信息: | Beijing China Machine Press 2006 |
|
| 页数: | xviii, 475页 | |
| 开本: | 25cm | |
| 丛书名: | 精典原版书库 | |
| 单 册: | ||
| 中图分类: | TP312 | |
| 科图分类: | ||
| 主题词: | Computer software--Development , UML (Computer science) | |
| 电子资源: | ||
| ISBN: | 7-111-18827-6 | |
| 000 | 00884nam 2200277 45 | |
| 001 | 070730000474 | |
| 005 | 20071015144237.02 | |
| 010 | @a7-111-18827-6@dCNY59.00 | |
| 100 | @a20061123d2006 ekmy0chiy0120 ea | |
| 101 | 0 | @aeng@achi |
| 102 | @aCN@b110000 | |
| 105 | @aa a 001yy | |
| 200 | 1 | @aUML用户指南@d= The unified modeling language user guide@e英文版@fGrady Booch, James Rumbaugh, Ivar Jacobson[著]@zeng |
| 210 | @aBeijing@cChina Machine Press@d2006 | |
| 215 | @axviii, 475页@c图@d25cm | |
| 225 | 2 | @a精典原版书库 |
| 320 | @a有书目和索引 | |
| 410 | 0 | @12001 @a精典原版书库 |
| 510 | 1 | @aThe unified modeling language user guide@zeng |
| 606 | 0 | @aComputer software@xDevelopment |
| 606 | 0 | @aUML (Computer science) |
| 690 | @aTP312@v4 | |
| 701 | A1 | @aRumbaugh@bJames@4著 |
| 701 | A1 | @aJacobson@bIvar@4著 |
| 801 | 0 | @aCN@bSYL@c20071015 |
| 905 | @aZUCC@dTP312@e243 | |
| UML用户指南= The unified modeling language user guide:英文版/Grady Booch, James Rumbaugh, Ivar Jacobson[著].-Beijing:China Machine Press,2006 |
| xviii, 475页:图;25cm.-(精典原版书库) |
| ISBN 7-111-18827-6:CNY59.00 |
| ● |
| 相关链接 |
|
|
|
正题名:UML用户指南
索取号:TP312/243
 
预约/预借
| 序号 | 登录号 | 条形码 | 馆藏地/架位号 | 状态 | 备注 |
| 1 | 651097 | 206510970 | 自科库301/301自科库 44排1列3层/ [索取号:TP312/243] | 在馆 |